[Event "NZL-ch op 122nd"]
[Site "Auckland"]
[Date "2015.01.09"]
[Round "9"]
[White "Burke, Matthew WP"]
[Black "Lim, Benjamin U"]
[Result "1/2-1/2"]
[WhiteElo "1833"]
[BlackElo "1996"]
[PlyCount "86"]
[EventDate "2015.01.01"]
[EventType "swiss"]
[EventRounds "9"]
[EventCountry "NZL"]
[SourceTitle "CBM 164 Extra"]
[Source "ChessBase"]
[SourceDate "2015.03.02"]
[SourceVersion "1"]
[SourceVersionDate "2015.03.02"]
[SourceQuality "1"]

1. d4 Nf6 2. c4 e6 3. Nc3 d5 4. cxd5 Nxd5 5. e4 Nxc3 6. bxc3 Be7 7. Nf3 0-0 8. Bd3 b6 9. Qe2 c5 10. 0-0 Bb7 11. Bb2 Nd7 12. Rac1 Re8 13. Rfd1 Qc7 14. Bb1 c4 15. Re1 b5 16. Rc2 a5 17. Bc1 f6 18. e5 f5 19. Bf4 Bd5 20. Rcc1 Nf8 21. h3 Ng6 22. Bh2 Rf8 23. Nd2 Qc6 24. f3 Bg5 25. Rf1 Nf4 26. Bxf4 Bxf4 27. Kf2 Rf7 28. g3 Bh6 29. f4 Bg2 30. h4 Bxf1 31. Nxf1 g6 32. Ne3 Rd7 33. a4 Rc8 34. Ba2 Bf8 35. axb5 Qxb5 36. Nxc4 Qa6 37. Nd6 Qxe2+ 38. Kxe2 Rxd6 39. exd6 Kf7 40. Kd3 Bxd6 41. Re1 Re8 42. Rb1 Rb8 43. Rxb8 Bxb8 1/2-1/2

[Event "NZL-ch op 122nd"]
[Site "Auckland"]
[Date "2015.01.05"]
[Round "5"]
[White "Burke, Matthew WP"]
[Black "Williams, Doug"]
[Result "1-0"]
[WhiteElo "1833"]
[BlackElo "1754"]
[PlyCount "79"]
[EventDate "2015.01.01"]
[EventType "swiss"]
[EventRounds "9"]
[EventCountry "NZL"]
[SourceTitle "CBM 164 Extra"]
[Source "ChessBase"]
[SourceDate "2015.03.02"]
[SourceVersion "1"]
[SourceVersionDate "2015.03.02"]
[SourceQuality "1"]

1. d4 d5 2. c4 Nc6 3. Nf3 Bg4 4. Nc3 e6 5. Bg5 f6 6. cxd5 exd5 7. Bf4 Nge7 8. h3 Bxf3 9. gxf3 Ng6 10. Bg3 f5 11. Qd2 Bd6 12. Bxd6 Qxd6 13. h4 0-0-0 14. 0-0-0 Kb8 15. h5 Nge7 16. f4 Qf6 17. e3 Nc8 18. Na4 N6e7 19. Nc5 Qb6 20. Qc2 Rhf8 21. Rd3 Qd6 22. a4 Nc6 23. Rb3 Nb6 24. Bd3 g6 25. hxg6 hxg6 26. Qd2 a5 27. Rb5 Rh8 28. Rf1 Rde8 29. Kc2 Kc8 30. Ra1 Nb4+ 31. Rxb4 axb4 32. a5 Nc4 33. Qxb4 Qc6 34. a6 bxa6 35. Rxa6 Nb6 36. Bb5 Qd6 37. Bd7+ Kb8 38. Qb5 Re7 39. Bc6 Kc8 40. Ra8+ 1-0